Neruda en el país de las maravillas

שמור ב:
מידע ביבליוגרפי
מחבר ראשי: Lafourcade Valdenegro, Enrique (autor)
פורמט: ספר
שפה:ספרדית
יצא לאור: Bogotá Grupo Editorial Norma 1994
סדרה:Colección Biografías y Documentos
נושאים:
תגים: הוספת תג
אין תגיות, היה/י הראשונ/ה לתייג את הרשומה!

MARC

LEADER 00000nam a2200000 a 4500
001 UCZ5506
003 CL-VaPUC
005 20241111122058.0
008 951123e19940000CK |||||||||||||||||spa|d
999 |c 241808  |d 241806 
040 |c Pontificia Universidad Católica de Valparaíso 
082 0 4 |a 928  |b LAF  |2 21 
100 |a Lafourcade Valdenegro, Enrique  |e autor  |9 543407 
245 1 0 |a Neruda en el país de las maravillas 
260 |a Bogotá  |b Grupo Editorial Norma  |c 1994 
300 |a 173 p 
490 0 |a Colección Biografías y Documentos 
583 |a last modification  |c 19951123 00:00:00  |k Rodrigo Vera 
600 |a Neruda, Pablo,  |d 1904-1973  |x Crítica e interpretación   |9 875013 
650 1 |a Escritores chilenos  |x Biografías  |9 875062 
942 |c BK  |2 ddc 
945 |d 19951123 00:00:00  |a rleighto 
952 |0 0  |1 0  |4 0  |6 928_000000000000000_LAF_1994  |7 0  |8 A  |9 254299  |a BIBEDU  |b BIBEDU  |d 2019-11-19  |i 3154424  |o 928 LAF 1994  |p 3154424  |r 2019-11-19  |w 2019-11-19  |y BK  |k EDU